| 000 | 02089nam0a2200373 4500 | ||
|---|---|---|---|
| 001 | RU\NLR\BIBL_A\016317538 | ||
| 005 | 20230510165319.0 | ||
| 010 |
_a978-5-907667-86-0 _9500 |
||
| 021 |
_aRU _bКН-П-23-008801 _9КН-П-23-0870 |
||
| 035 | _a(NLR Aleph) 016317538 | ||
| 035 | _a(RuMoRGB)011590964 | ||
| 090 |
_a13021538 _c13021538 |
||
| 100 | _a20230321d2022 u y0rusy50 ca | ||
| 101 | 0 | _arus | |
| 102 | _aRU | ||
| 105 | _ay j 010zy | ||
| 181 | 0 |
_ai4 _baxxe |
|
| 182 | 0 | _an | |
| 200 | 1 |
_aТеория организации и организационное поведение _eучебное пособие _eдля обучающихся магистратуры направления подготовки 38.04.02 Менеджмент, направленность "Менеджмент организации" _fЮ. Г. Лесных, М. А. Нестеренко _gМинистерство сельского хозяйства Российской Федерации, ФГБОУ ВО "Кубанский государственный аграрный университет имени И. Т. Трубилина" |
|
| 203 |
_aТекст _bвизуальный _cнепосредственный |
||
| 210 |
_aКраснодар _cКубГАУ _d2022 |
||
| 215 |
_a86 с. _d21 |
||
| 300 | _aНа обл.: КубГАУ - 100, 1922-2022 | ||
| 320 | _aБиблиогр.: с. 84-85 (34 назв.) | ||
| 606 | 1 |
_aОрганизации _jУчебные издания для высших учебных заведений _xТеория _92153648 _3RU\NLR\AUTH\661296700 |
|
| 606 | 1 |
_aОрганизационное поведение _jУчебные издания для высших учебных заведений _92078800 _3RU\NLR\AUTH\661254665 |
|
| 686 | 1 | _aУ29(0)я73 | |
| 686 | 1 | _aС550.373я73 | |
| 700 | 1 |
_aЛесных _bЮ. Г. _gЮлия Георгиевна |
|
| 701 | 1 |
_aНестеренко _bМ. А. _gМарина Александровна |
|
| 942 | _cBOOK | ||
| 980 | _aNB | ||